000
00313nam a22001217a 4500
008
160506b xxu||||| |||| 00| 0 eng d
020
_a
9780838555880
020
_a
08385055888
041
_a
eng
080
_a
61
245
_a
Laboratory tests and diagnostic procedures:
_c
Jane Vincent Corbett RN;
942
_2
udc
_c
BK
999
_c
1853
_d
1853